000 00696nam a22002177a 4500
999 _c9991
_d9991
003 AR-CdUCM
008 190329b ||||| |||| 00| 0 spa d
020 _a9972-9622-0-2
040 _aMUNICIPALIDAD PROVINCIAL DEL CUSCO
_cBIBLIOTECA MUNICIPAL DEL CUSCO
082 _aES / 372.66 /
_bE33
100 _aEgustina Ramírez, Aquiles A.
_926572
245 _aEl drama apocalíptico de maestro :
_bTragedia en dos actos /
260 _aLima :
_bEditorial Universitaria UNE,
_c2002.
300 _a150 páginas ;
_c20 cm.
505 _aContenido: Teatro en dos actos.
650 _aTeatro peruano
_92697
650 _aTragedia
_9559
650 _aDrama
_9560
942 _2ddc
_cLIBROS
945 _adavv